000 00586 a2200193 4500
999 _c9031
_d9031
020 _a9221122808
050 _aHC442 WEN 2001
100 _aWenk, Brian
_eauthor
245 _aThe Work of giants :
_brebuilding Cambodia /
_cBrian Wenk
264 _aBangkok :
_bInternational Labour Office,
_c2002
300 _aix, 65p. :
_billustrations (col.)
500 _aIncludes bibliographical references
650 _aPoverty alleviation
650 _aRoad construction
650 _aInfrastructure
650 _aEconomic reconstruction
651 _aCambodia
942 _2lcc
_cBK
_h442
_iWEN
_kHC